00908nam a22001817a 450000500170000000800430001704100080006004400070006810000330007524502260010826000890033430000450042350400480046865000490051665000520056565000710061770000380068820141111103409.0141111b ck ||||| 2010 00| 0 spa d aspa ack1 aHoyos-Gómez, Carlos Arturo1 aSostenibilidad Ambiental de Actividades Productivas Sectoriales de Alto Impacto bTransferencia de tecnologías y promoción de prácticas sostenibles en el sector porcícola cCarlos Arturo, Hoyos-Gómez...(et al.) aValle del Cauca :bCorporación Autónoma Regional del Valle del Cauca-CVC,c2010. a26 pag.bFot (col.), graf., tab.c27 cm. aIncluye referencia bibliográfica (pag 26) aSostenibilidad Ambiental xGranjas Porcinas  vImpacto Ambiental xPlanes de Manejo Ambiental  aGestión IndustrialxImplementación de Sistemas de Tratamiento  aMonroy-Salamanca, Elmer Andrés